Collected poems /

Bibliographic Details
Main Author: Berger, John (Author)
Format: Book
Language:English
Published: Middlesbrough : Smokestack Books, [2014]

MARC

Tag First Indicator Second Indicator Subfields
LEADER 00000cam a2200000Ii 4500
001 in00003526721
005 20151105180742.0
008 140901t20142014enka 000 0 eng d
020 |a 0992740959 
020 |a 9780992740955 
035 |a (OCoLC)ocn889728079 
040 |a YDXCP  |e rda  |c YDXCP  |d CUS  |d BWK  |d UtOrBLW 
049 |a TXAM 
050 4 |a PR6052.E564  |b A6 2014 
082 0 |a 821/.914  |2 23 
100 1 |a Berger, John,  |e author. 
245 1 0 |a Collected poems /  |c John Berger. 
246 1 4 |a John Berger :  |b collected poems 
264 1 |a Middlesbrough :  |b Smokestack Books,  |c [2014] 
264 4 |c ©2014 
300 |a 146 pages :  |b illustrations ;  |c 20 cm. 
336 |a text  |b txt  |2 rdacontent 
337 |a unmediated  |b n  |2 rdamedia 
338 |a volume  |b nc  |2 rdacarrier 
945 |a PromptCat  |b 152627 
946 |a stk 
947 |a A14842967110 
948 |a cataloged  |b h  |c 2015/4/17  |d c  |e dmitchel  |f 1:10:20 pm 
994 |a 92  |b TXA 
999 |a MARS 
999 f f |s fc18356d-ae18-3956-b065-8858992733f1  |i 343dae5b-8c13-3d51-84ca-562aa526c02f  |t 0 
952 f f |p normal  |a Texas A&M University  |b College Station  |c Sterling C. Evans Library  |d Evans: Library Stacks  |t 0  |e PR6052.E564 A6 2014  |h Library of Congress classification  |i unmediated -- volume  |m A14842967110 
998 f f |a PR6052.E564 A6 2014  |t 0  |l Evans: Library Stacks